| 000 -LEADER |
| fixed length control field |
00561nam a22001937a 4500 |
| 005 - DATE AND TIME OF LATEST TRANSACTION |
| control field |
20251202113732.0 |
| 008 - FIXED-LENGTH DATA ELEMENTS--GENERAL INFORMATION |
| fixed length control field |
251202b ||||| |||| 00| 0 eng d |
| 020 ## - INTERNATIONAL STANDARD BOOK NUMBER |
| International Standard Book Number |
9781407174310 |
| 040 ## - CATALOGING SOURCE |
| Transcribing agency |
KH8 |
| 082 ## - DEWEY DECIMAL CLASSIFICATION NUMBER |
| Classification number |
800 HAR |
| 100 ## - MAIN ENTRY--PERSONAL NAME |
| Personal name |
HARRISON,PAULA |
| Relator term |
AUTHOR |
| 245 ## - TITLE STATEMENT |
| Title |
Tiara Friends |
| 260 ## - PUBLICATION, DISTRIBUTION, ETC. |
| Place of publication, distribution, etc. |
Euston House,24 Eversholt Street,London NW1 1DB,UK |
| Name of publisher, distributor, etc. |
Scholastic Children's Books |
| Date of publication, distribution, etc. |
2017 |
| 300 ## - PHYSICAL DESCRIPTION |
| Extent |
130 pages |
| Other physical details |
b illustration |
| Dimensions |
12 cm x 19 cm |
| 650 ## - SUBJECT ADDED ENTRY--TOPICAL TERM |
| Topical term or geographic name entry element |
Juvenile Literature |
| 655 ## - INDEX TERM--GENRE/FORM |
| Genre/form data or focus term |
Mystery |
| 700 ## - ADDED ENTRY--PERSONAL NAME |
| Personal name |
Aly,Hatem |
| Relator term |
Illustrator |
| 942 ## - ADDED ENTRY ELEMENTS (KOHA) |
| Source of classification or shelving scheme |
|
| Koha item type |
Books - Fiction |